00926nam a2200229 a 450000100100000000500170001000800410002702000150006804000250008308200170010824500690012526000720019430000530026650000350031965000490035465000410040365000510044471000540049504900090054995201210055899900170067900002541420200930023754.0100527s1996 ko abcd c 000 0 spa d a8973750739 aDO-SdBNPbspacBNPHU a951.9bD234s00aDatos sobre corea /cServicio Coreano de Información Exterior. aSeúl, Corea :bServicio Coreano de Información Exterior,c1996. a226 p. :bil., mapas., retrs., diagrs. ;c19 cm. aEdición revisada y abreviada 4aCorea del surxDescripciones y viajes941205 4aCorea del surxCivilización941206 4aCorea del surxCondiciones económicas9412072 aServicio Coreano de Información Exterior941208 aBNGR 001054708MOaGRbGRcCTd2011-02-15iLF1l0o951.9 D234sp25414-10r2020-06-25w2020-06-25y4ZPréstamo en sala c24906d24906